ROZPOZNAJ AKTORÓW - ZDJĘCIA - Statystyki

Ogólne statystyki
  • Ten quiz został rozwiązany 493 razy
  • Średni wynik to 21 z 41
Statystyki odpowiedzi
Obrazkowy Hint Odpowiedź % Poprawnych
Wilk z Wall Street/Wyspa Tajemnic Leonardo DiCaprio
90%
Kiler/Psy Cezary Pazura
87%
Siedem/12 Małp Brad Pitt
85%
Piraci z Karaibów/Edward Nożycoręki Johnny Depp
82%
Zielona Mila/Cast Away Tom Hanks
80%
Jestem Legendą/Siedem Dusz Will Smith
77%
Czarownica/Przerwana lekcja Muzyki Angelina Jolie
74%
Harry Potter i.../Piękna i Bestia Emma Watson
72%
Rocky/Rambo Sylvester Stallone
71%
Skazani na Shawshank/The Bucket List Morgan Freeman
70%
Predator/Terminator Arnold Schwarzenegger
66%
Star Wars/Indiana Jones Harrison Ford
64%
Bruce Wszechmogący/Maska Jim Carrey
64%
Adwokat Diabła/Irlandczyk Al Pacino
61%
Pretty Woman/Powrót Bena Julia Roberts
61%
Bogowie/Zimna Wojna Tomasz Kot
61%
Taksówkarz/Łowca Jeleni Robert De Niro
58%
Milczenie Owiec/Dwóch Papieży Anthony Hopkins
55%
Faworyta/La La Land Emma Stone
55%
Jaś Fasola/Johnny English Rowan Atkinson
55%
Czarny Łabędź/Leon Zawodowiec Natalie Portman
54%
Titanic/Lektor Kate Winslet
52%
Braveheart/Patriota Mel Gibson
50%
Lśnienie/The Bucket List Jack Nicholson
49%
Joker/Gladiator Joaquin Phoenix
43%
Siedem/House of Cards Kevin Spacey
43%
Ghost Rider/Next Nicholas Cage
42%
Mroczny Rycerz/American Psycho Christian Bale
41%
Pół żartem, pół Serio/Niagara Marilyn Monroe
39%
Gladiator/Piękny Umysł Russell Crowe
35%
Pianista/King Kong Adrien Brody
34%
Fight Club/Primal Fear Edward Norton
30%
Star Wars Mark Hamill
29%
Batman/Birdman Michael Keaton
27%
Wściekły byk/Casino Joe Pesci
26%
Władca Pierścieni/Green Book Viggo Mortensen
23%
Naga Broń/Ściągany Leslie Nielsen
22%
Harry Potter i.../Dama w Vanie Maggie Smith
22%
Blue Jasmine/Aviator Cate Blanchett
21%
To nie jest kraj dla starych Ludzi Javier Bardem
21%
101 Dalmatyńczyków/Wife Glenn Close
11%
Nie znaleziono quizów pasujących do podanych kryteriów
Rozkład punktacji
Procent ludzi z każdym wynikiem
Percentyl według liczby udzielonych odpowiedzi
Twoja historia wyników
Nie rozwiązałeś tego quizu